Online
Catalog

Manuales delmar de electricidad y electrónica / (Record no. 36694)

MARC details
000 -CABECERA
campo de control de longitud fija 00737nam a2200193 a 4500
001 - NÚMERO DE CONTROL
campo de control 000037204
005 - FECHA Y HORA DE LA ÚLTIMA TRANSACCIÓN
campo de control 20211129112640.0
008 - DATOS DE LONGITUD FIJA--INFORMACIÓN GENERAL
campo de control de longitud fija 120301s1971 mx a 000 0 spa d
040 ## - FUENTE DE LA CATALOGACIÓN
Centro catalogador/agencia de origen DO-SdBNP
Lengua de catalogación spa
Centro/agencia transcriptor BNPHU
082 ## - NÚMERO DE LA CLASIFICACIÓN DECIMAL DEWEY
Número de clasificación xxxx
Número de documento/Ítem E38
245 00 - MENCIÓN DE TÍTULO
Título Manuales delmar de electricidad y electrónica /
Mención de responsabilidad, etc. traducción Ramón Palazón.
260 ## - PUBLICACIÓN, DISTRIBUCIÓN, ETC.
Lugar de publicación, distribución, etc. México :
Nombre del editor, distribuidor, etc. Diana,
Fecha de publicación, distribución, etc. 1971.
300 ## - DESCRIPCIÓN FÍSICA
Extensión v :
Otras características físicas ils ;
Dimensiones 26 cm.
500 ## - NOTA GENERAL
Nota general La biblioteca posee el volumen 3-4
505 0# - NOTA DE CONTENIDO CON FORMATO
Información miscelánea vol.4
Título Electricidad; información relacionada --
Información miscelánea vol. 3
Título Electricidad; información relacionada
700 1# - PUNTO DE ACCESO ADICIONAL--NOMBRE DE PERSONA
Nombre de persona Palazón, Ramón,
Término indicativo de función/relación tr
9 (RLIN) 41247
710 2# - PUNTO DE ACCESO ADICIONAL--NOMBRE DE ENTIDAD CORPORATIVA
Nombre de entidad corporativa o nombre de jurisdicción como elemento de entrada Centro Regional de Ayuda Técnica
9 (RLIN) 49164
710 1# - PUNTO DE ACCESO ADICIONAL--NOMBRE DE ENTIDAD CORPORATIVA
Nombre de entidad corporativa o nombre de jurisdicción como elemento de entrada United States.
Unidad subordinada Agency for International Development
9 (RLIN) 58056
Holdings
Estado de retiro Estado de pérdida Restricciones de uso No para préstamo Código de colección Localización permanente Ubicación/localización actual Ubicación en estantería Fecha de adquisición Número de inventario Total de préstamos Signatura topográfica completa Código de barras Fecha visto por última vez Precio válido a partir de Tipo de ítem Koha Número de copia
      Excluido de préstamo Monografías: Libros y Folletos General General En catalogación 01.03.2012 LF1   xxxx E38 37204-10 25.06.2020 25.06.2020 No se presta  
      Excluido de préstamo Monografías: Libros y Folletos General General En catalogación 01.03.2012 LF1   xxxx E38 37204-20 25.06.2020 25.06.2020 No se presta e. 2

Powered by Koha